[Event "CRO-ch U17/19"]
[Site "Split"]
[Date "2022.07.26"]
[Round "2"]
[White "Faukovic, Matija"]
[Black "Perusko, Niko"]
[Result "0-1"]
[WhiteElo "2026"]
[BlackElo "1925"]
[PlyCount "60"]
[EventDate "2022.07.25"]
[EventType "swiss"]
[EventRounds "9"]
[EventCountry "CRO"]
[SourceTitle "EXT 2023"]
[Source "ChessBase"]
[SourceDate "2022.10.05"]
[SourceVersion "1"]
[SourceVersionDate "2022.10.05"]
[SourceQuality "1"]

1. b3 Nf6 2. Bb2 e6 3. e3 b6 4. Nf3 Bb7 5. Be2 Be7 6. d4 0-0 7. 0-0 c5 8. c4 d6 9. Nc3 Nbd7 10. Rc1 Ne4 11. Nxe4 Bxe4 12. Bd3 f5 13. Ne1 Nf6 14. f3 Bb7 15. Qe2 Qc7 16. Bb1 Nd7 17. e4 fxe4 18. Bxe4 Bxe4 19. Qxe4 e5 20. dxe5 Nxe5 21. f4 Nc6 22. Rd1 Rae8 23. Qd5+ Kh8 24. Qh5 Qd7 25. Rf3 Bf6 26. Be5 Nd4 27. Bxd4 Bxd4+ 28. Kh1 Qe6 29. Nc2 Qe2 30. Rc1 Qxc2 0-1

[Event "CRO-ch U17"]
[Site "Vinkovci"]
[Date "2020.07.29"]
[Round "3"]
[White "Levacic, Matej"]
[Black "Perusko, Niko"]
[Result "1-0"]
[WhiteElo "2040"]
[BlackElo "1902"]
[PlyCount "57"]
[EventDate "2020.07.28"]
[EventType "swiss"]
[EventRounds "9"]
[EventCountry "CRO"]
[SourceTitle "EXT 2021"]
[Source "ChessBase"]
[SourceDate "2020.10.23"]
[SourceVersion "1"]
[SourceVersionDate "2020.10.23"]
[SourceQuality "1"]

1. d4 c6 2. c4 e6 3. Nf3 d5 4. e3 Nf6 5. b3 Nbd7 6. Bd3 Bd6 7. Bb2 0-0 8. Nbd2 Qe7 9. Ne5 c5 10. 0-0 Rd8 11. f4 Nf8 12. Qc2 Qc7 13. Rf3 b6 14. Rh3 Bb7 15. Rf1 Ng6 16. f5 exf5 17. Bxf5 Bc8 18. cxd5 Bxe5 19. dxe5 Nxd5 20. Nc4 Nb4 21. Qe4 Bxf5 22. Qxf5 Qe7 23. Qh5 h6 24. Nd6 Qe6 25. Nxf7 Rf8 26. Rf6 Qd5 27. Nxh6+ gxh6 28. Qxg6+ Kh8 29. Rxh6# 1-0

[Event "CRO-chT U18"]
[Site "Cakovec"]
[Date "2019.12.29"]
[Round "5.2"]
[White "Perusko, Niko"]
[Black "Bunic, Emanuel"]
[Result "1-0"]
[WhiteElo "1791"]
[BlackElo "1721"]
[PlyCount "63"]
[EventDate "2019.12.27"]
[EventType "team-tourn"]
[EventRounds "7"]
[EventCountry "CRO"]
[SourceTitle "CBM 194 Extra"]
[Source "ChessBase"]
[SourceDate "2020.03.31"]
[SourceVersion "1"]
[SourceVersionDate "2020.03.31"]
[SourceQuality "1"]

1. Nf3 Nf6 2. d4 e6 3. g3 b5 4. Bg2 Bb7 5. 0-0 c5 6. Nbd2 Be7 7. c4 cxd4 8. cxb5 d6 9. Nxd4 Bxg2 10. Kxg2 Qb6 11. N2f3 h5 12. Kg1 Ng4 13. Qc2 Bf6 14. Qc8+ Qd8 15. Qc4 Nd7 16. h3 Nge5 17. Qb4 Nxf3+ 18. Nxf3 Nb6 19. Rd1 Nd5 20. Qb3 g5 21. e4 Nb6 22. e5 Be7 23. exd6 Bf6 24. Be3 g4 25. hxg4 hxg4 26. Nh2 Bg5 27. Nxg4 Bxe3 28. Qxe3 Rc8 29. Qe5 Rh3 30. Kg2 Nd7 31. Qg7 Rh5 32. Qg8+ 1-0

[Event "CRO-ch U15"]
[Site "Trogir"]
[Date "2019.06.20"]
[Round "6"]
[White "Kasun, Roko"]
[Black "Perusko, Niko"]
[Result "1-0"]
[WhiteElo "1443"]
[BlackElo "1904"]
[PlyCount "49"]
[EventDate "2019.06.17"]
[EventType "swiss"]
[EventRounds "9"]
[EventCountry "CRO"]
[SourceTitle "EXT 2020"]
[Source "ChessBase"]
[SourceDate "2019.10.17"]
[SourceVersion "1"]
[SourceVersionDate "2019.10.17"]
[SourceQuality "1"]

1. e4 g6 2. d4 Bg7 3. e5 d6 4. f4 e6 5. Nf3 Ne7 6. c4 0-0 7. Nc3 d5 8. c5 b6 9. b4 Nd7 10. Bd2 c6 11. g4 a5 12. a3 axb4 13. axb4 Bb7 14. Bd3 Rxa1 15. Qxa1 Qa8 16. 0-0 Qc8 17. Qa2 f6 18. h4 fxe5 19. fxe5 b5 20. Qc2 Qe8 21. Kg2 Nb8 22. Ne2 Kh8 23. Ng3 Ng8 24. h5 Ne7 25. h6 1-0

[Event "CRO-ch U15"]
[Site "Trogir"]
[Date "2018.06.19"]
[Round "6"]
[White "Galoic, David"]
[Black "Perusko, Niko"]
[Result "1/2-1/2"]
[WhiteElo "1482"]
[BlackElo "1669"]
[PlyCount "36"]
[EventDate "2018.06.16"]
[EventType "swiss"]
[EventRounds "9"]
[EventCountry "CRO"]
[SourceTitle "EXT 2019"]
[Source "ChessBase"]
[SourceDate "2018.10.10"]
[SourceVersion "1"]
[SourceVersionDate "2018.10.10"]
[SourceQuality "1"]

1. e4 e6 2. d4 d5 3. Nc3 Bb4 4. e5 Ne7 5. a3 Bxc3+ 6. bxc3 c5 7. Nf3 Nbc6 8. h4 c4 9. h5 h6 10. Rh4 Nf5 11. Rf4 g5 12. hxg6 fxg6 13. g4 g5 14. gxf5 gxf4 15. f6 Qa5 16. Bd2 Bd7 17. Nh4 0-0-0 18. Qf3 Be8 1/2-1/2

[Event "CRO-ch U15"]
[Site "Trogir"]
[Date "2018.06.18"]
[Round "5"]
[White "Perusko, Niko"]
[Black "Krizanic, Filip"]
[Result "0-1"]
[WhiteElo "1669"]
[BlackElo "1594"]
[PlyCount "42"]
[EventDate "2018.06.16"]
[EventType "swiss"]
[EventRounds "9"]
[EventCountry "CRO"]
[SourceTitle "EXT 2019"]
[Source "ChessBase"]
[SourceDate "2018.10.10"]
[SourceVersion "1"]
[SourceVersionDate "2018.10.10"]
[SourceQuality "1"]

1. b4 d5 2. Bb2 Nf6 3. Nf3 Bg4 4. e3 e6 5. a3 Bd6 6. Be2 Nbd7 7. h3 Bh5 8. 0-0 0-0 9. d4 a6 10. c4 dxc4 11. Bxc4 b5 12. Bd3 Re8 13. Nbd2 e5 14. g4 Bxg4 15. hxg4 e4 16. Nxe4 Nxe4 17. Qc2 Ng5 18. Nxg5 Qxg5 19. Qe2 Qh4 20. f4 Qg3+ 21. Kh1 Rxe3 0-1

[Event "CRO-ch U13"]
[Site "Trogir"]
[Date "2017.06.18"]
[Round "3"]
[White "Perusko, Niko"]
[Black "Troselj, Ivan"]
[Result "1-0"]
[WhiteElo "1388"]
[BlackElo "1698"]
[PlyCount "97"]
[EventDate "2017.06.17"]
[EventType "swiss"]
[EventRounds "9"]
[EventCountry "CRO"]
[SourceTitle "CBM 179 Extra"]
[Source "ChessBase"]
[SourceDate "2017.08.23"]
[SourceVersion "1"]
[SourceVersionDate "2017.08.23"]
[SourceQuality "1"]

1. e4 e5 2. d4 exd4 3. c3 d5 4. exd5 Nf6 5. cxd4 Nxd5 6. Nf3 Nc6 7. Nc3 Be6 8. Be2 Bb4 9. Bd2 0-0 10. 0-0 h6 11. Re1 Bg4 12. h3 Bxf3 13. Bxf3 Nxc3 14. bxc3 Bd6 15. Rb1 Rb8 16. Qb3 Qd7 17. Bg4 Qd8 18. Re2 Ne7 19. Rbe1 c6 20. c4 Ng6 21. Bh5 Bc7 22. Bxg6 fxg6 23. Re7 Qxd4 24. Be3 Bh2+ 25. Kh1 Qf6 26. c5+ Kh7 27. Re6 Qf5 28. Kxh2 g5 29. Qb1 Qxb1 30. Rxb1 Rf7 31. Rd1 Rc7 32. h4 b6 33. hxg5 hxg5 34. Bxg5 Rf7 35. Be3 bxc5 36. Bxc5 Rb2 37. Rd3 g5 38. a3 Rc2 39. Be3 c5 40. Red6 c4 41. Rd2 Rc3 42. Rd7 Rxd7 43. Rxd7+ Kg6 44. Rxa7 Kf5 45. Ra5+ Ke4 46. Rxg5 Rxa3 47. Rg4+ Kd3 48. Rd4+ Kc3 49. g4 1-0